| 000 | 00536nam a2200181Ia 4500 | ||
|---|---|---|---|
| 003 | GCL | ||
| 008 | 140319s9999 xx 000 0 ara d | ||
| 040 |
_aGCL / _cGCL |
||
| 082 | 0 | 4 |
_a255.1 _bا ق |
| 100 | 1 | _aاحمد فتحى بهنسى | |
| 245 | 1 | 0 |
_aالقصاص فى الفقه الاسلامى / _cاحمد فتحى بهنسى |
| 260 |
_aالقاهرة : _bدار الشروق ، _c1989 |
||
| 300 |
_a216 ص ؛ _c22 سم |
||
| 490 | _a | ||
| 650 | 0 | 4 | _aالقصاص |
| 650 | 0 | 4 | _aالفقه الاسلامى |
| 942 |
_2ddc _cBK |
||
| 999 |
_c55655 _d55655 |
||